River Mouths by Satellite Image - Statistics

General Stats
  • This quiz has been taken 36 times
  • The average score is 9 of 20
Answer Stats
Picture Answer % Correct
Nile
100%
Mississippi
77%
Amazon
74%
Hudson
74%
Rhine/Waar
74%
Ganges/Brahmaputra
61%
Yangtze
61%
Congo
48%
Saint Lawrence
48%
Mekong
42%
Okavango
39%
Volga
35%
Yellow
32%
Lena
29%
Columbia
26%
Ob
26%
Plata
26%
Danube
23%
Colorado
13%
Murray
13%
No matching quizzes found
Score Distribution
Percent of People with Each Score
Percentile by Number Answered
Your Score History
You have not taken this quiz